Alternative formulations of the Nervole-Press models (Registro nro. 26168)

Detalles MARC
000 -LEADER
fixed length control field 00366 a2200121 4500
001 - CONTROL NUMBER
control field ART_12184
005 - DATE AND TIME OF LATEST TRANSACTION
control field 20260410161904.0
008 - FIXED-LENGTH DATA ELEMENTS--GENERAL INFORMATION
fixed length control field 260409a
100 1# - MAIN ENTRY--PERSONAL NAME
Personal name Maddala, G.S.
245 10 - TITLE STATEMENT
Title Alternative formulations of the Nervole-Press models
700 1# - ADDED ENTRY--PERSONAL NAME
Personal name Trost, R.P.
773 0# - HOST ITEM ENTRY
Title Journal of econometrics
Related parts - Vol. 16, Nº 1 (may. 1981)
Record control number REV11720

No hay ítems disponibles.